| 000 | 01373cam a22003011 4500 | ||
|---|---|---|---|
| 001 | gs 65000218 | ||
| 003 | DLC | ||
| 005 | 20260227111416.0 | ||
| 008 | 780204s1965 dcuab b f000 0 eng | ||
| 010 | _ags 65000218 | ||
| 035 | _a(OCoLC)3603842 | ||
| 040 |
_aDLC _cOClU _dOCoLC _dDLC |
||
| 050 | 0 | 0 |
_aQE75 _b.P9 no. 463 |
| 100 | 1 |
_aDenson, N. M. _q(Norman MacLaren), _d1914- |
|
| 245 | 1 | 0 |
_aUranium-bearing lignite and carbonaceous shale in the southwestern part of the Williston Basin; _ba regional study, _cby N. M. Denson and J. R. Gill. With a section on Heavy minerals in Cretaceous and Tertiary rocks associated with uranium occurrences, W. A. Chisholm. |
| 260 |
_aWashington, _bU.S. Govt. Print. Off., _c1965. |
||
| 300 |
_a75 p. _billus., maps. and portfolio (8 fold. illus., 11 fold. maps (8 col.)) _c29 cm. |
||
| 410 | 2 | 0 |
_aGeological Survey (U.S.). _tProfessional paper, _v463 |
| 500 | _aPrepared on behalf of the U. S. Atomic Energy Commission. | ||
| 504 | _aBibliography: p. 67-71. | ||
| 650 | 0 |
_aUranium ores _zWest (U.S.) |
|
| 650 | 0 |
_aGeology _zWest (U.S.) |
|
| 650 | 0 |
_aMineralogy _zWest (U.S.) |
|
| 650 | 0 |
_aRocks _xAnalysis |
|
| 700 | 1 |
_aGill, James R. _q(James Rogers), _d1922-1972, _ejoint author. |
|
| 700 | 1 |
_aChisholm, Wayne A. _tHeavy minerals in Cretaceous and Tertiary rocks associated with uranium occurrences. |
|
| 740 | 0 | _aWilliston Basin. | |
| 999 |
_c30029 _d30029 |
||